Clubs in de Jupiler Pro League - Statistieken

Algemene statistieken
  • Deze quiz is 140 keer genomen
  • De gemiddelde score is 12 van 16
Antwoordstatistieken
Antwoord % Correct
RSC Anderlecht
98%
Club Brugge
97%
KAA Gent
94%
KRC Genk
93%
Antwerp
90%
Cercle Brugge
85%
Standard Luik
83%
KV Oostende
74%
KV Kortrijk
70%
Sporting Charleroi
66%
Zulte Waregem
65%
STVV
59%
KAS Eupen
58%
Waasland-Beveren
52%
Moeskroen
38%
Sporting Lokeren
30%
Geen overeenkomende quizzen gevonden
Scoreverdeling
Procent van Mensen met Elke Score
Percentiel versus Aantal Correcte Antwoorden
Uw Scoregeschiedenis
U heeft deze quiz nog niet genomen